Minimizing of wireless handoff delay by using fine-tuning interval rate /
محفوظ في:
| المؤلف الرئيسي: | |
|---|---|
| التنسيق: | أطروحة كتاب |
| اللغة: | English |
| منشور في: |
2012.
|
| الموضوعات: | |
| الوسوم: |
إضافة وسم
لا توجد وسوم, كن أول من يضع وسما على هذه التسجيلة!
|
| LEADER | 00957cam a2200241 a 4500 | ||
|---|---|---|---|
| 001 | u867868 | ||
| 003 | SIRSI | ||
| 005 | 201211051606 | ||
| 008 | 121105s2012 my a t 000 0 eng m | ||
| 040 | |a UMM | ||
| 090 | |a QA76 |b UM 2012 Zar | ||
| 100 | 1 | |a Zarrinnegar, Amir Hossein. | |
| 245 | 1 | 0 | |a Minimizing of wireless handoff delay by using fine-tuning interval rate / |c Amir Hossein Zarrinnegar. |
| 260 | |c 2012. | ||
| 300 | |a ix, 57 leaves : |b ill, ; |c 30 cm. | ||
| 502 | |a Dissertation (M.Comp.Sc.) -- Jabatan Sistem dan Teknologi Komputer, Fakulti Sains Komputer dan Teknologi Maklumat, Universiti Malaya, 2012. | ||
| 504 | |a Bibliography: leaves 56-57. | ||
| 596 | |a 1 | ||
| 650 | 0 | |a Roaming (Telecommunication). | |
| 650 | 0 | |a Wireless communication systems. | |
| 710 | 2 | |a Universiti Malaya. |b Jabatan Sistem dan Teknologi Komputer. | |
| 900 | |a AT-ZA | ||
| 999 | |a QA76 UM 2012 ZAR |w LC |c 1 |i A515296597 |d 28/8/2013 |f 28/8/2013 |g 1 |l STACKS |m P01UTAMA |r Y |s Y |t TESIS |u 27/8/2013 | ||
